00785nam a22002177a 4500999001500000001000400015003000900019005001700028008004100045040003800086082002600124245010000150260004800250300004200298650002200340700002300362700002100385700002600406942001200432952012300444 c7327d7327867BD-DhUAP20210119125523.0210119s1961 pk a|||| |||| 00| 0 eng d aBD-DhUAPbEngcBD-DhUAPdBD-DhUAP 223a398.21095491 FOL  aFolk tales of Pakistan /ccollected by Miss F. A. Steel, Mr. Jasimuddin and Mrs Carvel Painter. aLahore :bOxford University Press, cc1961. a109 pages :billustrations ;c20 cm.  aTales zPakistan. aSteel, Miss F. A.  aJasimuddin, Mr.  aPainter, Mrs Carvel. 2ddccBK 00102ddc4070aUAPCLbUAPCLcReserve Stacksd2021-01-19o398.21095491 FOLp3010000867r2021-01-19t1w2021-01-19yBK